000 00649nam a22002177a 4500
999 _c9399
_d9399
003 AR-CdUCM
008 190327b ||||| |||| 00| 0 spa d
040 _aMUNICIPALIDAD PROVINCIAL DEL CUSCO
_cBIBLIOTECA MUNICIPAL DEL CUSCO
082 _a869.58 /
_bS18
100 _aSalas Gamarra, Armando
_925244
245 _aCantos del beso no encontrado /
260 _aLima :
_c1960.
300 _a24 paginas ;
_c17 cm.
500 _aDonación familia Nieto.
505 _aContenido :Poemas
650 _aLiteratura peruana
_9169
650 _aPoesías peruanas
_91481
650 _aPoesías del siglo XX
_915565
942 _2ddc
_cLIBROS
945 _arum